000 00291nam a2200121Ia 4500
008 190216s9999||||xx |||||||||||||| ||und||
100 _aTonykillick
245 0 _aAdjustment And Financing In The Development World
260 _bImf
_c1982
300 _a232p
650 _aCommerce
942 _cBK
999 _c4951
_d4951